000 01299cam a22003497a 4500
003 CHAP
005 20220329141522.0
008 971013s1989 r 00010 d
010 _a69463
011 _a70435
035 _a79916
040 _cCHAP
090 _aTesis
100 0 0 _aPat Fernández, Verna Gricel.
_986143
245 0 _aControl biológico de la agalla de la corona causada por Agrobacterium tumefaciens en plantas de durazno (Prunus persica L.) a nivel de invernadero
260 _aChapingo, Méx. :
_bEl autor,
_c1989
300 _a57 h.
_b: ilus.
502 _aTesis (Ing. Agrónomo Esp. en Parasitología Agrícola) -- UACH. Departamento de Parasitología Agrícola
590 _aALEPH
_b10
_c20130110
_lUCH01
_h1408
590 _aBATCH-UPD
_b10
_c20130110
_lUCH01
_h0951
590 _aBATCH-UPD
_b10
_c20130410
_lUCH01
_h0605
590 _aBATCH-UPD
_b10
_c20130913
_lUCH01
_h2203
590 _aCONVERSION
_b10
_c20130109
_lUCH01
_h1338
650 1 4 _aAgalla de la corona.
_91054
650 1 4 _aAgrobacterium tumefaciens.
_92149
650 1 4 _aControl biológico de hongos.
_927580
650 1 4 _aDurazno
_xEnfermedades.
_934594
710 0 _aUACH. Departamento de Economía Agrícola.
_9115862
901 _aBK
942 _cTESIS
949 _bBC
_cTES
_d-32806
_eTS1
_h22390
_i79916
_si
999 _c69463
_d69463